000 00260nam a2200097Ia 4500
008 231107s1941 xx 000 0 und d
041 _aeng
100 _aLee Mecann
245 _aNostradamus : The man who saw Through Time
260 _aNew York
_bWings Books
_c1941
999 _c922595
_d922595